| 000 | 00653nam a2200193Ia 4500 | ||
|---|---|---|---|
| 005 | 20250507130151.0 | ||
| 008 | 008 250505s9999 xx 000 0 eng d | ||
| 037 | _aDIS | ||
| 040 |
_aEASL _beng _cEASL |
||
| 041 |
_aeng _2eng |
||
| 084 |
_a0000166 _qEASL |
||
| 100 |
_aTacho Annie _9670590 |
||
| 245 | 0 | _aIndia-South Korea relations in the Post-Cold war Era: From economic cooperation to forging a strategic partnership Dr. Sandip Kumar Mishra | |
| 260 |
_aIndia _bUnivesity of Delhi. Social Sciences. East Asian Studies (Delhi India) _c2012 |
||
| 300 | _a96p. | ||
| 650 | _aKEL | ||
| 942 |
_cDIS _h0000166 |
||
| 999 |
_c1318054 _d1318054 |
||